Tous les clubs français ayant participés à la Ligue des Champions - Statistiques

Statistiques générales
  • Ce quiz a été pris 332 fois
  • Le résultat moyen est 15 sur 16
Statistiques - réponses
1er participation Dernière participation Nombres de participations Clubs % Correct
1971-72 2025-26 17 OM
100%
1986-87 2026-27 20 PSG
100%
2001-02 2026-27 9 Lille
99%
2000-01 2019-20 16 Lyon
99%
1984-85 2009-10 7 Bordeaux
98%
1963-64 2025-26 15 Monaco
97%
2024-25 2024-25 1 Brest
96%
1998-99 2026-27 4 Lens
94%
2012-13 2012-13 1 Montpellier
92%
2020-21 2020-21 1 Rennes
92%
1967-68 1981-82 10 Saint-Etienne
92%
1965-66 2001-02 8 Nantes
89%
1955-56 1962-63 4 Stade de Reims
87%
1956-57 1959-60 2 Nice
86%
1996-97 2010-11 3 Auxerre
79%
1979-80 1979-80 1 Strasbourg
77%
Aucun quiz correspondant
Distribution des résultats
% des personnes avec chaque résultat
Percentile par nombre de réponses
Votre historique - résultats
Vous n’avez pas pris ce quiz